Laporan tahunan 2001 BPR =
| Format: | Book |
|---|---|
| Published: |
Kuala Lumpur:
Badan Pencegah Rasuah,
2001.
|
| Subjects: |
| LEADER | 00416cam a2200133 7i4500 | ||
|---|---|---|---|
| 001 | 0000014153 | ||
| 005 | 20040705090000.0 | ||
| 090 | 0 | 0 | |a M 364.1323 |b LAP |
| 245 | 0 | 0 | |a Laporan tahunan 2001 BPR = |l annual report. |
| 260 | 0 | 0 | |a Kuala Lumpur: |b Badan Pencegah Rasuah, |c 2001. |
| 300 | # | # | |a 97 p.. |
| 650 | 0 | 0 | |a Corruption -- |x Annual report -- |z Malaysia |
| 651 | 0 | 0 | |a Malaysia |
| 999 | |a 0000014646 |b Book |c Malaysia |e Business Information Centre | ||